00433nam a2200145Ia 4500008004100000020001500041041000800056082001700064100004800081245008200129250000600211260003900217300000800256650002300264210716s2005 xx 000 0 und d a817808046X aeng a005.453 AHOA aAho, Alfred V;Sethi, Ravi;Ullman,Jeffrey D. aCompilers: principles techniques and tools.bPrinciples techniques and tools. a1 aNew DelhibPearson Educationc2005 a780 aCompilers(005.453)